| Tag |
First Indicator |
Second Indicator |
Subfields |
| LEADER |
00000cam a2200000 i 4500 |
| 001 |
in00000302621 |
| 005 |
20151010092522.0 |
| 008 |
790129s1978 enkc b 00110beng |
| 010 |
|
|
|a 78040071
|
| 015 |
|
|
|a GB***
|
| 020 |
|
|
|a 0198224672 :
|c 9.50
|
| 035 |
|
|
|a (OCoLC)04580096
|
| 035 |
|
|
|9 ABG6989AM
|
| 040 |
|
|
|a DLC
|c DLC
|d TXA
|d UtOrBLW
|
| 043 |
|
|
|a e-uk-en
|
| 049 |
|
|
|a TXAM
|c [1574982]
|
| 050 |
0 |
0 |
|a HG172.F69
|b C56
|
| 082 |
0 |
|
|a 332/.092/4
|a B
|
| 100 |
1 |
|
|a Clay, Christopher.
|
| 245 |
1 |
0 |
|a Public finance and private wealth :
|b the career of Sir Stephen Fox, 1627-1716 /
|c Christopher Clay.
|
| 264 |
|
1 |
|a Oxford :
|b Clarendon Press ;
|a New York :
|b Oxford University Press,
|c 1978.
|
| 300 |
|
|
|a xvi, 362 pages :
|b portrait ;
|c 23 cm.
|
| 336 |
|
|
|a text
|b txt
|2 rdacontent
|
| 337 |
|
|
|a unmediated
|b n
|2 rdamedia
|
| 338 |
|
|
|a volume
|b nc
|2 rdacarrier
|
| 500 |
|
|
|a Includes index.
|
| 504 |
|
|
|a Bibliography: pages 336-343.
|
| 600 |
1 |
0 |
|a Fox, Stephen,
|c Sir,
|d 1627-1716.
|
| 650 |
|
0 |
|a Capitalists and financiers
|z England
|x Biography.
|
| 999 |
|
|
|a MARS
|
| 999 |
f |
f |
|s cde28f48-c446-39b2-a9ca-f9b674c5544c
|i 801242fb-9714-3302-8c03-90fc1c4bed84
|t 0
|
| 952 |
f |
f |
|p ric
|a Texas A&M University
|b Rellis Campus
|c Joint Library Facility
|d Remote Storage
|t 0
|e HG172.F69 C56
|h Library of Congress classification
|i unmediated -- volume
|m A14802858448
|
| 998 |
f |
f |
|a HG172.F69 C56
|t 0
|l Remote Storage
|